000 00698nam a2200229Ia 4500
003 GCL
008 140319s9999 xx 000 0 ara d
040 _aGCL /
_cGCL
082 0 4 _a791.437
_bا ن
100 1 _aاحمد الحضرى
245 1 0 _aنادى السينما /
_cاحمد الحضرى
700 1 _aسمير فريد
700 1 _aخيرية البشلاوى
700 1 _aسامى السلامونى
300 _a543 ص
490 _aالهيئة العامة للاستعلامات
_v0
650 0 4 _aالافلام السينمائية
650 0 4 _aالسينما
650 0 4 _aالتمثيل فى السينما
650 0 4 _aالسينما - نقد
942 _2ddc
_cBK
999 _c50801
_d50801